| 000 | 00762nam a22002537a 4500 | ||
|---|---|---|---|
| 001 | 00260 | ||
| 003 | DO-SdBNP | ||
| 005 | 20171120131851.0 | ||
| 008 | 151124b 1985 sp xxu||||| |||| 00| 0 spa d | ||
| 020 | _a9580600007 (Lujo) | ||
| 020 | _a958060001 | ||
| 040 |
_aBPMSU _bspa _cBPMSU |
||
| 082 | 4 |
_aCo863.44 _bG216a |
|
| 100 | 1 |
_aGarcía Márquez, Gabriel, _41927-2014. |
|
| 245 |
_aEl amor en los tiempos de colera / _cGabriel García Márquez. |
||
| 260 |
_aBogotá : _bOveja Negra, _c1985. |
||
| 300 |
_a473 p. _c20 cm. |
||
| 650 |
_aNOVELA COLOMBIANA _ySIGLO XX |
||
| 650 |
_aLITERATURA COLOMBIANA _ySIGLO XX |
||
| 910 | _aValidado. Control de calidad MFF | ||
| 942 |
_2ddc _cBK |
||
| 945 | _aInventariado, 2017/MFF | ||
| 956 |
_aLorenza Pérez _b10 |
||
| 999 |
_c8891 _d8891 |
||